[Event "45th FIDE Chess Olympiad Open"]
[Site "Budapest, Hungary"]
[Date "2024.09.20"]
[Round "9"]
[White "NAIT ELASRI BRAHIM"]
[Black "Soliz Gabarrete, Luis Fernando"]
[Result "0-1"]
[Board "224"]
[WhiteFideId "9017518"]
[BlackFideId "8403031"]
[WhiteElo "1994"]
[BlackElo "1920"]
[WhiteTeam "Morocco"]
[BlackTeam "Honduras"]
[WhiteClock "0:31:54"]
[BlackClock "0:21:22"]
[Variant "Standard"]

1. e4 {[%clk 1:30:13]}  c6 {[%clk 1:30:54]} 2. d4 {[%clk 1:30:35]}  d5 {[%clk 1:31:20]} 3. Nd2 {[%clk 1:30:41]}  dxe4 {[%clk 1:31:44]} 4. Nxe4 {[%clk 1:31:10]}  Bf5 {[%clk 1:32:06]} 5. Ng3 {[%clk 1:31:33]}  Bg6 {[%clk 1:32:30]} 6. Nf3 {[%clk 1:31:51]}  Nd7 {[%clk 1:32:54]} 7. h4 {[%clk 1:31:47]}  h6 {[%clk 1:33:19]} 8. h5 {[%clk 1:31:50]}  Bh7 {[%clk 1:33:43]} 9. Bd3 {[%clk 1:31:49]}  Bxd3 {[%clk 1:34:02]} 10. Qxd3 {[%clk 1:32:17]}  e6 {[%clk 1:34:23]} 11. Bd2 {[%clk 1:32:33]}  Ngf6 {[%clk 1:34:37]} 12. O-O-O {[%clk 1:32:20]}  Qc7 {[%clk 1:34:53]} 13. Rhe1 {[%clk 1:26:56]}  O-O-O {[%clk 1:35:04]} 14. Qe2 {[%clk 1:21:46]}  Bd6 {[%clk 1:31:28]} 15. Ne5 {[%clk 1:22:03]}  Rhf8 {[%clk 1:31:44]} 16. f4 {[%clk 1:15:27]}  c5 {[%clk 1:23:09]} 17. Be3 {[%clk 1:09:58]}  Kb8 {[%clk 0:16:20]} 18. Qf3 {[%clk 0:42:56]}  c4 {[%clk 0:15:18]} 19. c3 {[%clk 0:39:57]}  Rc8 {[%clk 0:13:57]} 20. Ne4 {[%clk 0:37:49]}  Nxe4 {[%clk 0:11:38]} 21. Qxe4 {[%clk 0:36:47]}  Nf6 {[%clk 0:11:59]} 22. Qf3 {[%clk 0:36:31]}  b5 {[%clk 0:10:39]} 23. f5 {[%clk 0:18:34]}  b4 {[%clk 0:08:14]} 24. Kd2 {[%clk 0:15:09]}  Nd5 {[%clk 0:06:39]} 25. Bf2 {[%clk 0:11:18]}  Rfd8 {[%clk 0:04:24]} 26. Qe4 {[%clk 0:09:59]}  f6 {[%clk 0:02:02]} 27. Ng6 {[%clk 0:08:55]}  exf5 {[%clk 0:00:49]} 28. Qxf5 {[%clk 0:09:10]}  Qa5 {[%clk 0:00:48]} 29. Qc2 {[%clk 0:03:33]}  Re8 {[%clk 0:00:46]} 30. Ra1 {[%clk 0:00:54]}  f5 {[%clk 0:00:45]} 31. a3 {[%clk 0:00:45]}  bxc3+ {[%clk 0:00:43]} 32. bxc3 {[%clk 0:01:13]}  Nf6 {[%clk 0:00:59]} 33. Ne5 {[%clk 0:00:53]}  Ne4+ {[%clk 0:01:14]} 34. Rxe4 {[%clk 0:01:01]}  fxe4 {[%clk 0:01:09]} 35. Qxe4 {[%clk 0:01:21]}  Bxe5 {[%clk 0:00:40]} 36. dxe5 {[%clk 0:00:41]}  Qd8+ {[%clk 0:00:34]} 37. Bd4 {[%clk 0:00:56]}  Kc7 {[%clk 0:00:44]} 38. Kc2 {[%clk 0:00:38]}  Qd7 {[%clk 0:00:56]} 39. g4 {[%clk 0:00:38]}  Rb8 {[%clk 0:00:59]} 40. Bxa7 {[%clk 0:00:50]}  Qa4+ {[%clk 0:01:18]} 41. Kd2 {[%clk 0:00:49]}  Qxa7 {[%clk 0:00:45]} 42. Qxc4+ {[%clk 0:01:12]}  Kd8 {[%clk 0:24:03]} 43. Rd1 {[%clk 0:31:16]}  Rb7 {[%clk 0:23:57]} 44. e6 {[%clk 0:31:24]}  Qf2+ {[%clk 0:20:35]} 45. Kc1+ {[%clk 0:31:21]}  Ke7 {[%clk 0:20:58]} 46. Rd2 {[%clk 0:31:40]}  Qe1+ {[%clk 0:21:19]} 47. Rd1 {[%clk 0:31:56]}  Rb1+ {[%clk 0:21:32]} 48. Kxb1 {[%clk 0:32:19]}  Qxd1+ {[%clk 0:21:57]} 49. Ka2 {[%clk 0:32:42]}  Qd2+ {[%clk 0:21:01]} 50. Ka1 {[%clk 0:32:26]}  Rd8 {[%clk 0:21:12]} 51. a4 {[%clk 0:31:54]}  Qc1+ {[%clk 0:21:22]} 0-1

[Event "45th FIDE Chess Olympiad Open"]
[Site "Budapest, Hungary"]
[Date "2024.09.20"]
[Round "9"]
[White "Dominguez, Jose Manuel"]
[Black "Paiva, Donaldo"]
[Result "1-0"]
[Board "225"]
[WhiteFideId "6400124"]
[BlackFideId "14800098"]
[WhiteTitle "IM"]
[BlackTitle "CM"]
[WhiteElo "2195"]
[BlackElo "2139"]
[WhiteTeam "Dominican Republic"]
[BlackTeam "Mozambique"]
[WhiteClock "0:05:48"]
[BlackClock "1:09:36"]
[Variant "Standard"]

1. e4 {[%clk 1:30:57]}  c5 {[%clk 1:30:22]} 2. Nf3 {[%clk 1:31:23]}  d6 {[%clk 1:30:48]} 3. d4 {[%clk 1:31:47]}  cxd4 {[%clk 1:31:14]} 4. Nxd4 {[%clk 1:32:13]}  Nf6 {[%clk 1:31:39]} 5. Nc3 {[%clk 1:32:38]}  a6 {[%clk 1:32:06]} 6. Bc4 {[%clk 1:33:01]}  e6 {[%clk 1:32:31]} 7. Bb3 {[%clk 1:33:28]}  b5 {[%clk 1:32:56]} 8. Qf3 {[%clk 1:28:54]}  Qb6 {[%clk 1:32:48]} 9. Be3 {[%clk 1:28:33]}  Qb7 {[%clk 1:33:12]} 10. O-O-O {[%clk 1:05:17]}  Nc6 {[%clk 1:25:35]} 11. Nxc6 {[%clk 1:04:20]}  Qxc6 {[%clk 1:25:54]} 12. Bd4 {[%clk 0:39:04]}  Be7 {[%clk 1:26:13]} 13. Nd5 {[%clk 0:34:20]}  Bb7 {[%clk 1:19:51]} 14. Nxf6+ {[%clk 0:32:09]}  gxf6 {[%clk 1:20:05]} 15. Bxf6 {[%clk 0:32:32]}  Rg8 {[%clk 1:19:43]} 16. Bxe7 {[%clk 0:18:29]}  Kxe7 {[%clk 1:20:05]} 17. Rhe1 {[%clk 0:18:45]}  Rac8 {[%clk 1:18:54]} 18. Rd2 {[%clk 0:15:47]}  Qc5 {[%clk 1:18:40]} 19. g3 {[%clk 0:14:34]}  a5 {[%clk 1:18:39]} 20. a3 {[%clk 0:14:27]}  a4 {[%clk 1:18:42]} 21. Ba2 {[%clk 0:14:51]}  b4 {[%clk 1:19:07]} 22. axb4 {[%clk 0:13:07]}  Qxb4 {[%clk 1:19:36]} 23. Qe3 {[%clk 0:12:48]}  Rc5 {[%clk 1:18:00]} 24. Qd4 {[%clk 0:08:03]}  Qb6 {[%clk 1:18:28]} 25. e5 {[%clk 0:05:42]}  d5 {[%clk 1:18:06]} 26. Qh4+ {[%clk 0:06:00]}  Kf8 {[%clk 1:17:40]} 27. Re4 {[%clk 0:04:52]}  Rb5 {[%clk 1:16:23]} 28. Rxa4 {[%clk 0:04:52]}  Bc6 {[%clk 1:12:58]} 29. Qd4 {[%clk 0:04:49]}  Rxb2 {[%clk 1:12:10]} 30. Bb3 {[%clk 0:04:25]}  Rxb3 {[%clk 1:10:34]} 31. cxb3 {[%clk 0:04:53]}  Qxb3 {[%clk 1:09:27]} 32. Qc5+ {[%clk 0:05:20]}  Kg7 {[%clk 1:09:36]} 33. Rg4+ {[%clk 0:05:48]} 1-0

[Event "45th FIDE Chess Olympiad Open"]
[Site "Budapest, Hungary"]
[Date "2024.09.20"]
[Round "9"]
[White "Andrade, Ivan"]
[Black "Araujo Sanchez, Josue"]
[Result "1-0"]
[Board "226"]
[WhiteFideId "14800039"]
[BlackFideId "6416896"]
[BlackTitle "IM"]
[WhiteElo "2132"]
[BlackElo "2296"]
[WhiteTeam "Mozambique"]
[BlackTeam "Dominican Republic"]
[WhiteClock "0:15:48"]
[BlackClock "1:22:13"]
[Variant "Standard"]

1. e4 {[%clk 1:30:55]}  g6 {[%clk 1:30:33]} 2. d4 {[%clk 1:31:17]}  Bg7 {[%clk 1:30:59]} 3. c4 {[%clk 1:30:52]}  d6 {[%clk 1:28:51]} 4. Nc3 {[%clk 1:30:51]}  Nf6 {[%clk 1:29:14]} 5. Nf3 {[%clk 1:27:59]}  O-O {[%clk 1:29:11]} 6. Be2 {[%clk 1:27:19]}  Bg4 {[%clk 1:27:37]} 7. h3 {[%clk 1:26:54]}  Bxf3 {[%clk 1:27:39]} 8. Bxf3 {[%clk 1:27:18]}  Nfd7 {[%clk 1:27:40]} 9. Be3 {[%clk 1:22:02]}  Nc6 {[%clk 1:27:50]} 10. Ne2 {[%clk 1:05:56]}  e5 {[%clk 1:24:06]} 11. d5 {[%clk 1:06:24]}  Ne7 {[%clk 1:24:24]} 12. g4 {[%clk 1:04:21]}  f5 {[%clk 1:24:24]} 13. Nc3 {[%clk 1:03:10]}  Nf6 {[%clk 1:23:54]} 14. h4 {[%clk 0:52:50]}  c6 {[%clk 1:22:44]} 15. Rg1 {[%clk 0:38:58]}  fxe4 {[%clk 1:21:05]} 16. Nxe4 {[%clk 0:38:46]}  cxd5 {[%clk 1:21:13]} 17. Nxf6+ {[%clk 0:38:53]}  Bxf6 {[%clk 1:20:20]} 18. Bxd5+ {[%clk 0:39:06]}  Nxd5 {[%clk 1:18:59]} 19. Qxd5+ {[%clk 0:37:31]}  Rf7 {[%clk 1:19:24]} 20. g5 {[%clk 0:37:43]}  Be7 {[%clk 1:19:49]} 21. h5 {[%clk 0:36:16]}  Qd7 {[%clk 1:19:46]} 22. hxg6 {[%clk 0:36:17]}  hxg6 {[%clk 1:20:09]} 23. O-O-O {[%clk 0:35:05]}  Rc8 {[%clk 1:19:19]} 24. Kb1 {[%clk 0:33:10]}  Qf5+ {[%clk 1:18:24]} 25. Ka1 {[%clk 0:33:31]}  Bf8 {[%clk 1:18:48]} 26. Rc1 {[%clk 0:25:52]}  Qf3 {[%clk 1:17:56]} 27. Qxf3 {[%clk 0:25:06]}  Rxf3 {[%clk 1:18:19]} 28. Bxa7 {[%clk 0:25:18]}  Kf7 {[%clk 1:17:48]} 29. Be3 {[%clk 0:25:21]}  Ke6 {[%clk 1:18:12]} 30. a4 {[%clk 0:23:30]}  Bg7 {[%clk 1:18:05]} 31. a5 {[%clk 0:19:50]}  e4 {[%clk 1:18:20]} 32. Kb1 {[%clk 0:08:08]}  Be5 {[%clk 1:12:06]} 33. b4 {[%clk 0:05:47]}  Kf5 {[%clk 1:12:13]} 34. Rgd1 {[%clk 0:05:33]}  Rh8 {[%clk 1:10:25]} 35. Rc2 {[%clk 0:04:30]}  Rfh3 {[%clk 1:09:55]} 36. b5 {[%clk 0:04:07]}  Ra8 {[%clk 1:09:10]} 37. Ra2 {[%clk 0:04:08]}  Rhh8 {[%clk 1:09:13]} 38. Kc2 {[%clk 0:04:06]}  Kg4 {[%clk 1:08:52]} 39. Kb3 {[%clk 0:03:43]}  Kf3 {[%clk 1:09:14]} 40. a6 {[%clk 0:02:28]}  bxa6 {[%clk 1:09:33]} 41. Rxa6 {[%clk 0:02:57]}  Rab8 {[%clk 1:09:35]} 42. Raxd6 {[%clk 0:02:25]}  Bxd6 {[%clk 1:09:00]} 43. Rxd6 {[%clk 0:02:54]}  Rh1 {[%clk 1:09:09]} 44. Rxg6 {[%clk 0:02:53]}  Rb1+ {[%clk 1:08:37]} 45. Kc3 {[%clk 0:03:17]}  Rd8 {[%clk 1:08:45]} 46. Kc2 {[%clk 0:03:21]}  Rb4 {[%clk 1:09:02]} 47. Rc6 {[%clk 0:03:28]}  Rd3 {[%clk 1:09:20]} 48. g6 {[%clk 0:21:28]}  Rbb3 {[%clk 1:34:12]} 49. Rf6+ {[%clk 0:18:09]}  Ke2 {[%clk 1:34:21]} 50. Bd4 {[%clk 0:18:38]}  Rb4 {[%clk 1:33:41]} 51. g7 {[%clk 0:15:48]}  Rxc4+ {[%clk 1:32:36]} 52. Kb1 {[%clk 0:15:26]}  Rd1+ {[%clk 1:28:43]} 53. Ka2 {[%clk 0:15:25]}  Rcxd4 {[%clk 1:25:04]} 54. g8=Q {[%clk 0:15:39]}  R1d2+ {[%clk 1:25:02]} 55. Ka3 {[%clk 0:15:58]}  R2d3+ {[%clk 1:25:13]} 56. Qb3 {[%clk 0:14:58]}  Rxb3+ {[%clk 1:25:03]} 57. Kxb3 {[%clk 0:15:28]}  Rd3+ {[%clk 1:25:13]} 58. Kc4 {[%clk 0:15:18]}  Rf3 {[%clk 1:24:36]} 59. Re6 {[%clk 0:15:36]}  Rf4 {[%clk 1:24:49]} 60. Kd5 {[%clk 0:15:52]}  Kf3 {[%clk 1:25:05]} 61. b6 {[%clk 0:16:03]}  Rf5+ {[%clk 1:23:01]} 62. Kc6 {[%clk 0:15:20]}  Rf7 {[%clk 1:21:45]} 63. b7 {[%clk 0:15:35]}  Rf8 {[%clk 1:22:13]} 64. Re7 {[%clk 0:15:48]} 1-0

[Event "45th FIDE Chess Olympiad Open"]
[Site "Budapest, Hungary"]
[Date "2024.09.20"]
[Round "9"]
[White "Camacho Campusano, David Daniel"]
[Black "Napoleao, Lourenco"]
[Result "1/2-1/2"]
[Board "227"]
[WhiteFideId "6408885"]
[BlackFideId "14801302"]
[WhiteTitle "FM"]
[WhiteElo "2219"]
[BlackElo "1913"]
[WhiteTeam "Dominican Republic"]
[BlackTeam "Mozambique"]
[WhiteClock "0:46:53"]
[BlackClock "0:07:22"]
[Variant "Standard"]

1. e4 {[%clk 1:30:47]}  c5 {[%clk 1:30:53]} 2. Nf3 {[%clk 1:31:08]}  d6 {[%clk 1:31:19]} 3. c3 {[%clk 1:31:01]}  Nf6 {[%clk 1:30:59]} 4. Be2 {[%clk 1:31:02]}  g6 {[%clk 1:30:16]} 5. O-O {[%clk 1:31:20]}  Bg7 {[%clk 1:30:34]} 6. Bb5+ {[%clk 1:29:35]}  Nbd7 {[%clk 1:28:34]} 7. Re1 {[%clk 1:29:53]}  O-O {[%clk 1:28:51]} 8. d4 {[%clk 1:30:18]}  cxd4 {[%clk 1:28:17]} 9. cxd4 {[%clk 1:30:35]}  a6 {[%clk 1:24:35]} 10. Bf1 {[%clk 1:29:14]}  Ne8 {[%clk 1:04:28]} 11. a4 {[%clk 1:29:25]}  b6 {[%clk 1:04:22]} 12. Nc3 {[%clk 1:29:14]}  Bb7 {[%clk 1:04:16]} 13. Bf4 {[%clk 1:26:42]}  Rc8 {[%clk 1:02:16]} 14. Qd2 {[%clk 1:26:21]}  e5 {[%clk 0:56:01]} 15. Bg5 {[%clk 1:16:18]}  Bf6 {[%clk 0:52:23]} 16. Bh6 {[%clk 1:13:57]}  exd4 {[%clk 0:51:59]} 17. Nxd4 {[%clk 1:13:57]}  Ng7 {[%clk 0:50:03]} 18. Rad1 {[%clk 1:13:16]}  Re8 {[%clk 0:49:15]} 19. Nf3 {[%clk 1:10:19]}  Nc5 {[%clk 0:39:00]} 20. Qxd6 {[%clk 1:08:35]}  Qxd6 {[%clk 0:37:26]} 21. Rxd6 {[%clk 1:08:51]}  Bxc3 {[%clk 0:37:29]} 22. bxc3 {[%clk 1:08:37]}  Nxa4 {[%clk 0:34:42]} 23. Ra1 {[%clk 0:53:01]}  b5 {[%clk 0:31:43]} 24. c4 {[%clk 0:52:18]}  Nc3 {[%clk 0:27:47]} 25. cxb5 {[%clk 0:51:42]}  axb5 {[%clk 0:27:06]} 26. Rb6 {[%clk 0:49:20]}  Bxe4 {[%clk 0:24:32]} 27. Bxb5 {[%clk 0:46:07]}  Nxb5 {[%clk 0:23:23]} 28. Rxb5 {[%clk 0:46:32]}  Nf5 {[%clk 0:22:20]} 29. Bg5 {[%clk 0:38:55]}  Bxf3 {[%clk 0:21:02]} 30. gxf3 {[%clk 0:39:23]}  Nd4 {[%clk 0:21:20]} 31. Rd5 {[%clk 0:39:33]}  Nxf3+ {[%clk 0:20:51]} 32. Kg2 {[%clk 0:39:50]}  Nxg5 {[%clk 0:16:19]} 33. Rxg5 {[%clk 0:40:16]}  Rc2 {[%clk 0:15:11]} 34. Rg3 {[%clk 0:40:32]}  Re7 {[%clk 0:13:52]} 35. Rf3 {[%clk 0:39:16]}  Kg7 {[%clk 0:14:12]} 36. Ra4 {[%clk 0:39:30]}  Rc5 {[%clk 0:13:41]} 37. Raf4 {[%clk 0:36:19]}  Rg5+ {[%clk 0:14:04]} 38. Rg3 {[%clk 0:36:17]}  Rh5 {[%clk 0:14:23]} 39. Rgf3 {[%clk 0:36:34]}  Rg5+ {[%clk 0:14:22]} 40. Rg3 {[%clk 0:37:01]}  Rh5 {[%clk 0:14:25]} 41. Rgf3 {[%clk 0:36:08]}  Rb5 {[%clk 0:13:02]} 42. Rg3 {[%clk 0:32:54]}  Rb1 {[%clk 0:12:24]} 43. Rgf3 {[%clk 0:32:45]}  Ra1 {[%clk 0:10:43]} 44. Rc3 {[%clk 0:30:01]}  Ra5 {[%clk 0:08:01]} 45. Rcf3 {[%clk 0:30:13]}  Ra6 {[%clk 0:03:51]} 46. Kf1 {[%clk 0:28:18]}  f5 {[%clk 0:29:47]} 47. Rc4 {[%clk 0:55:30]}  Kf6 {[%clk 0:27:25]} 48. Kg2 {[%clk 0:55:44]}  Rb6 {[%clk 0:25:27]} 49. Ra4 {[%clk 0:55:36]}  Rb2 {[%clk 0:24:59]} 50. Ra6+ {[%clk 0:55:39]}  Kg7 {[%clk 0:24:06]} 51. Ra4 {[%clk 0:53:42]}  Rc2 {[%clk 0:22:18]} 52. Rb4 {[%clk 0:53:51]}  Ra2 {[%clk 0:22:29]} 53. Rc4 {[%clk 0:54:05]}  Ra6 {[%clk 0:18:39]} 54. Rb4 {[%clk 0:54:17]}  Rf7 {[%clk 0:18:00]} 55. Rfb3 {[%clk 0:48:06]}  Raa7 {[%clk 0:18:16]} 56. Rb6 {[%clk 0:48:09]}  Rae7 {[%clk 0:18:24]} 57. Kg3 {[%clk 0:46:32]}  Rd7 {[%clk 0:16:30]} 58. Kg2 {[%clk 0:46:26]}  h6 {[%clk 0:13:52]} 59. Ra6 {[%clk 0:46:15]}  Rb7 {[%clk 0:11:54]} 60. Rc3 {[%clk 0:46:24]}  Ra7 {[%clk 0:11:23]} 61. Rb6 {[%clk 0:46:36]}  Rab7 {[%clk 0:10:57]} 62. Ra6 {[%clk 0:46:53]}  Ra7 {[%clk 0:07:22]} 1/2-1/2

[Event "45th FIDE Chess Olympiad Open"]
[Site "Budapest, Hungary"]
[Date "2024.09.20"]
[Round "9"]
[White "Joao Farisse"]
[Black "Jimenez Jimenez, Leandro"]
[Result "0-1"]
[Board "228"]
[WhiteFideId "14800730"]
[BlackFideId "6415253"]
[BlackTitle "FM"]
[WhiteElo "1851"]
[BlackElo "2188"]
[WhiteTeam "Mozambique"]
[BlackTeam "Dominican Republic"]
[WhiteClock "0:36:36"]
[BlackClock "0:24:51"]
[Variant "Standard"]

1. c4 {[%clk 1:30:48]}  e5 {[%clk 1:30:47]} 2. g3 {[%clk 1:31:11]}  Nf6 {[%clk 1:31:08]} 3. Bg2 {[%clk 1:31:36]}  c6 {[%clk 1:31:34]} 4. Nc3 {[%clk 1:31:07]}  d5 {[%clk 1:31:59]} 5. cxd5 {[%clk 1:30:08]}  cxd5 {[%clk 1:32:23]} 6. Qb3 {[%clk 1:28:35]}  Nc6 {[%clk 1:31:22]} 7. Nxd5 {[%clk 1:25:15]}  Nxd5 {[%clk 1:31:46]} 8. Qxd5 {[%clk 1:17:21]}  Bd6 {[%clk 1:30:52]} 9. Qb3 {[%clk 1:12:07]}  Nd4 {[%clk 1:29:49]} 10. Qd1 {[%clk 1:09:45]}  Bf5 {[%clk 1:24:57]} 11. d3 {[%clk 1:09:00]}  Rc8 {[%clk 1:22:46]} 12. Kf1 {[%clk 1:07:44]}  O-O {[%clk 1:10:56]} 13. Bd2 {[%clk 1:07:38]}  Qb6 {[%clk 1:01:37]} 14. Bc3 {[%clk 1:05:47]}  Rfd8 {[%clk 1:01:15]} 15. Qd2 {[%clk 1:05:02]}  Bc7 {[%clk 0:45:13]} 16. Bxd4 {[%clk 0:56:51]}  Rxd4 {[%clk 0:44:05]} 17. Nf3 {[%clk 0:56:35]}  Rb4 {[%clk 0:42:16]} 18. b3 {[%clk 0:55:51]}  a5 {[%clk 0:28:14]} 19. Nh4 {[%clk 0:53:10]}  Be6 {[%clk 0:27:30]} 20. Be4 {[%clk 0:53:33]}  Rxe4 {[%clk 0:23:56]} 21. dxe4 {[%clk 0:52:30]}  Bh3+ {[%clk 0:23:49]} 22. Kg1 {[%clk 0:51:50]}  Rd8 {[%clk 0:24:07]} 23. Qc2 {[%clk 0:49:54]}  Qd4 {[%clk 0:19:36]} 24. Rc1 {[%clk 0:49:18]}  Bb6 {[%clk 0:18:13]} 25. e3 {[%clk 0:49:08]}  Qb4 {[%clk 0:07:28]} 26. Nf3 {[%clk 0:45:57]}  f6 {[%clk 0:04:26]} 27. Qc4+ {[%clk 0:42:05]}  Qxc4 {[%clk 0:04:54]} 28. bxc4 {[%clk 0:42:26]}  Bc5 {[%clk 0:05:03]} 29. Ne1 {[%clk 0:42:05]}  Rd2 {[%clk 0:04:53]} 30. a4 {[%clk 0:41:44]}  Kf7 {[%clk 0:02:25]} 31. Ng2 {[%clk 0:34:16]}  Ke6 {[%clk 0:02:01]} 32. Kf1 {[%clk 0:33:46]}  Kd6 {[%clk 0:01:01]} 33. Rg1 {[%clk 0:33:35]}  Kc6 {[%clk 0:01:18]} 34. Re1 {[%clk 0:30:39]}  Bb4 {[%clk 0:01:19]} 35. Rc1 {[%clk 0:29:07]}  Kc5 {[%clk 0:01:18]} 36. g4 {[%clk 0:19:18]}  g5 {[%clk 0:01:12]} 37. Rh1 {[%clk 0:18:50]}  b6 {[%clk 0:01:17]} 38. Kg1 {[%clk 0:18:48]}  Re2 {[%clk 0:01:12]} 39. Kf1 {[%clk 0:19:02]}  Ra2 {[%clk 0:01:08]} 40. Kg1 {[%clk 0:18:31]}  Bd2 {[%clk 0:01:04]} 41. Rd1 {[%clk 0:13:40]}  Bxg4 {[%clk 0:00:41]} 42. Rb1 {[%clk 0:12:13]}  Bh3 {[%clk 0:00:59]} 43. Kf1 {[%clk 0:08:12]}  Bb4 {[%clk 0:01:00]} 44. Rg1 {[%clk 0:08:29]}  Kxc4 {[%clk 0:25:50]} 45. f4 {[%clk 0:36:36]}  Kd3 {[%clk 0:24:51]} 0-1

[Event "45th FIDE Chess Olympiad Open"]
[Site "Budapest, Hungary"]
[Date "2024.09.20"]
[Round "9"]
[White "Tan, Jun Ying"]
[Black "Than, Min Hlaing"]
[Result "1-0"]
[Board "229"]
[WhiteFideId "5710413"]
[BlackFideId "13001353"]
[WhiteTitle "CM"]
[WhiteElo "2322"]
[BlackElo "2121"]
[WhiteTeam "Malaysia"]
[BlackTeam "Myanmar"]
[WhiteClock "0:25:41"]
[BlackClock "0:10:05"]
[Variant "Standard"]

1. d4 {[%clk 1:30:57]}  d5 {[%clk 1:30:50]} 2. c4 {[%clk 1:31:21]}  c6 {[%clk 1:31:12]} 3. Nf3 {[%clk 1:31:46]}  Nf6 {[%clk 1:31:34]} 4. e3 {[%clk 1:32:10]}  g6 {[%clk 1:30:08]} 5. Nc3 {[%clk 1:31:34]}  Bg7 {[%clk 1:30:25]} 6. Be2 {[%clk 1:31:44]}  O-O {[%clk 1:30:37]} 7. O-O {[%clk 1:32:07]}  Bf5 {[%clk 1:25:39]} 8. cxd5 {[%clk 1:28:38]}  cxd5 {[%clk 1:25:51]} 9. Qb3 {[%clk 1:28:45]}  Nc6 {[%clk 0:53:08]} 10. Qxb7 {[%clk 1:25:47]}  Na5 {[%clk 0:53:18]} 11. Qb5 {[%clk 1:22:21]}  Bc2 {[%clk 0:41:41]} 12. Bd1 {[%clk 1:21:19]}  Rb8 {[%clk 0:39:09]} 13. Qe2 {[%clk 1:21:20]}  Bf5 {[%clk 0:39:32]} 14. b3 {[%clk 1:13:41]}  Qd6 {[%clk 0:35:46]} 15. Bb2 {[%clk 1:12:13]}  Rfc8 {[%clk 0:34:02]} 16. Ne5 {[%clk 1:11:08]}  Nc6 {[%clk 0:31:19]} 17. Na4 {[%clk 0:56:21]}  Ne4 {[%clk 0:27:19]} 18. Nxc6 {[%clk 0:53:26]}  Rxc6 {[%clk 0:27:18]} 19. f3 {[%clk 0:52:26]}  Nf6 {[%clk 0:27:17]} 20. a3 {[%clk 0:47:36]}  g5 {[%clk 0:27:16]} 21. e4 {[%clk 0:31:08]}  dxe4 {[%clk 0:27:21]} 22. fxe4 {[%clk 0:31:11]}  Bg4 {[%clk 0:21:18]} 23. Qd3 {[%clk 0:30:24]}  Bxd1 {[%clk 0:17:59]} 24. Raxd1 {[%clk 0:29:44]}  Ng4 {[%clk 0:17:48]} 25. e5 {[%clk 0:29:39]}  Qd5 {[%clk 0:16:56]} 26. Rf3 {[%clk 0:28:32]}  h5 {[%clk 0:15:35]} 27. Bc1 {[%clk 0:22:21]}  Rg6 {[%clk 0:14:13]} 28. Rdf1 {[%clk 0:20:47]}  Nh6 {[%clk 0:14:12]} 29. Nc3 {[%clk 0:18:09]}  Qe6 {[%clk 0:11:25]} 30. Ne4 {[%clk 0:18:21]}  g4 {[%clk 0:11:38]} 31. Re3 {[%clk 0:17:56]}  Kh8 {[%clk 0:10:29]} 32. Nf6 {[%clk 0:14:06]}  exf6 {[%clk 0:07:42]} 33. exf6 {[%clk 0:14:27]}  Qd5 {[%clk 0:07:47]} 34. fxg7+ {[%clk 0:14:25]}  Kxg7 {[%clk 0:08:02]} 35. b4 {[%clk 0:12:50]}  Rd8 {[%clk 0:06:57]} 36. Bb2 {[%clk 0:12:54]}  h4 {[%clk 0:07:08]} 37. Qe4 {[%clk 0:10:12]}  h3 {[%clk 0:05:43]} 38. Qxd5 {[%clk 0:07:21]}  Rxd5 {[%clk 0:06:12]} 39. Re5 {[%clk 0:07:32]}  Rgd6 {[%clk 0:03:45]} 40. Rxd5 {[%clk 0:03:55]}  Rxd5 {[%clk 0:04:14]} 41. gxh3 {[%clk 0:04:15]}  gxh3 {[%clk 0:04:35]} 42. Rf3 {[%clk 0:03:51]}  Rg5+ {[%clk 0:29:11]} 43. Rg3 {[%clk 0:33:43]}  Rxg3+ {[%clk 0:29:30]} 44. hxg3 {[%clk 0:34:13]}  Ng4 {[%clk 0:29:51]} 45. d5+ {[%clk 0:33:20]}  Kf8 {[%clk 0:28:05]} 46. Bd4 {[%clk 0:29:38]}  Ke7 {[%clk 0:28:34]} 47. Bxa7 {[%clk 0:29:02]}  Kd6 {[%clk 0:29:02]} 48. b5 {[%clk 0:28:54]}  Kxd5 {[%clk 0:29:21]} 49. a4 {[%clk 0:28:53]}  Nf6 {[%clk 0:13:45]} 50. a5 {[%clk 0:25:09]}  Kd6 {[%clk 0:12:35]} 51. a6 {[%clk 0:24:16]}  Nd5 {[%clk 0:11:09]} 52. b6 {[%clk 0:24:09]}  Nb4 {[%clk 0:08:56]} 53. b7 {[%clk 0:24:20]}  Nxa6 {[%clk 0:09:20]} 54. b8=Q+ {[%clk 0:24:45]}  Nxb8 {[%clk 0:09:44]} 55. Bxb8+ {[%clk 0:25:13]}  Ke6 {[%clk 0:10:05]} 56. Kh2 {[%clk 0:25:41]} 1-0

[Event "45th FIDE Chess Olympiad Open"]
[Site "Budapest, Hungary"]
[Date "2024.09.20"]
[Round "9"]
[White "Kyaw Zay Ya"]
[Black "Wong, Jianwen"]
[Result "0-1"]
[Board "230"]
[WhiteFideId "13004239"]
[BlackFideId "5704715"]
[BlackTitle "FM"]
[WhiteElo "1818"]
[BlackElo "2231"]
[WhiteTeam "Myanmar"]
[BlackTeam "Malaysia"]
[WhiteClock "0:46:44"]
[BlackClock "0:46:57"]
[Variant "Standard"]

1. e4 {[%clk 1:30:53]}  c5 {[%clk 1:30:47]} 2. Nf3 {[%clk 1:30:59]}  Nc6 {[%clk 1:31:10]} 3. d4 {[%clk 1:31:12]}  cxd4 {[%clk 1:31:36]} 4. Nxd4 {[%clk 1:31:37]}  Nf6 {[%clk 1:32:02]} 5. Nc3 {[%clk 1:31:33]}  d6 {[%clk 1:32:27]} 6. Be2 {[%clk 1:31:06]}  e5 {[%clk 1:32:36]} 7. Nb3 {[%clk 1:30:24]}  Be7 {[%clk 1:32:38]} 8. Be3 {[%clk 1:30:12]}  O-O {[%clk 1:30:19]} 9. f3 {[%clk 1:30:32]}  a5 {[%clk 1:29:20]} 10. a4 {[%clk 1:30:50]}  Be6 {[%clk 1:27:38]} 11. Nd5 {[%clk 1:29:17]}  Bxd5 {[%clk 1:27:09]} 12. exd5 {[%clk 1:29:45]}  Nb4 {[%clk 1:27:30]} 13. c4 {[%clk 1:30:06]}  Nd7 {[%clk 1:19:20]} 14. O-O {[%clk 1:28:32]}  Bg5 {[%clk 1:17:41]} 15. Bf2 {[%clk 1:26:48]}  b6 {[%clk 1:14:57]} 16. Nc1 {[%clk 1:22:36]}  f5 {[%clk 1:12:17]} 17. Nd3 {[%clk 1:23:03]}  Nxd3 {[%clk 1:09:55]} 18. Bxd3 {[%clk 1:23:20]}  Qf6 {[%clk 1:04:38]} 19. b4 {[%clk 1:07:36]}  axb4 {[%clk 1:01:09]} 20. Rb1 {[%clk 1:07:52]}  Qh6 {[%clk 0:54:18]} 21. Rxb4 {[%clk 1:07:04]}  Rae8 {[%clk 0:50:32]} 22. Qc2 {[%clk 0:56:58]}  e4 {[%clk 0:46:10]} 23. fxe4 {[%clk 0:52:29]}  fxe4 {[%clk 0:45:38]} 24. Bxe4 {[%clk 0:52:56]}  Rxf2 {[%clk 0:45:25]} 25. Rxf2 {[%clk 0:52:37]}  Be3 {[%clk 0:45:48]} 26. Bf3 {[%clk 0:47:29]}  Bxf2+ {[%clk 0:45:50]} 27. Kxf2 {[%clk 0:47:48]}  Qh4+ {[%clk 0:45:33]} 28. g3 {[%clk 0:47:23]}  Qxh2+ {[%clk 0:45:56]} 29. Bg2 {[%clk 0:47:36]}  Rf8+ {[%clk 0:46:23]} 30. Ke3 {[%clk 0:46:34]}  Qxg3+ {[%clk 0:46:37]} 31. Kd4 {[%clk 0:46:44]}  Qe5+ {[%clk 0:46:57]} 0-1